| 000 | 00559nam a2200181Ia 4500 | ||
|---|---|---|---|
| 005 | 20250423100611.0 | ||
| 008 | 250422s9999 xx 000 0 und d | ||
| 020 | _a9780132531450 | ||
| 050 | _aPE 1408 .A53/ | ||
| 100 | _aAnderson, Jeff...[et al] | ||
| 245 | 0 | _aPrentice hall writing coach | |
| 260 | _aNey Jersey | ||
| 260 | _bPearson | ||
| 260 | _c2012 | ||
| 300 | _a628 p | ||
| 650 | _aEnglish language--Rhetoric--Handbooks, manuals, etc. English language--Grammar--Handbooks, manuals, etc. Report writing--Handbooks, manuals, etc. | ||
| 942 | _cBK | ||
| 999 |
_c33796 _d33796 |
||